01782 a2200169 45000010006000000050017000060080041000230030015000640400040000790800099001192450075002182640029002933000019003225051222003411000023015637000026015862972320260407155608.0260407a1964 arg spa dAR-UNSa-BCEJYS aAR-UNSa-BCEJYSbspacAR-UNSa-BCEJYS a657.36xBalances de comprobación (balance estimativo). Balances de saldo. Balance intermedio10aInterpretación y estudio crítico de balances y estados financieros 1aBarcelona :bLaborc1964 a352 p.c23 cm. a1. Balance y estado de situación financiera - 2. Existencia en caja y bancos - 3. Efectos a cobrar - 4. Aceptaciones comerciales y bancarias - 5. Cuentas a cobrar - 6. Mercancia, productos de fabricación y materiales - 7. Terrenos, edificios, maquinaria e instalaciones - 8. Inversiones diversas y otras partidas del activo - 9. Valor inmaterial - 10. Efectos a pagar, cuentas a pagar y depósitos - 11. Obligaciones, hipotecas y otros pasivos - 12. Capital y superavit - 13. Reservas odinarias y pasivo eventual - 14. Análisis de la situación - 15. Comparación de balances - 16. Capital de explotación y anticipos - 17. Activos y cargos diferidos - 18. Activo, acciones de tesoreria - 19. Patentes, marcas de fabrica y otros privilegios - 20. Emisiones de bonos oro y otras diversas, provisiones varias para amortización - 21. Emisiones diversas de acciones ordinarios - 22. Certificados de sindicación del voto - 23. Emisiones y privlegios de las acciones preferentes - 24. Acciones sin valor par - 25. Superávit ganado y adquirido de orígen diverso - 26. Fondos y cuentas de reservas - 27. Balances consolidados - 29. El balance como elemento informativo - 30. Evaluación de instalaciones.1 aSanz, Angel Andany1 aStockwell, Herbert G.